Movies Quiz

Random Movies or Box Office Quiz

Most Successful Movies Starting with T Quiz Stats

Quiz not verified by Sporcle

Score 0/46 Timer 07:00
0 Plays Today
Year/Star Movie % Correct
1997/Leonardo DiCaprioTitanic
92.6%
2008/Kristen StewartTwilight
90.9%
1995/Tim Allen (voice)Toy Story
90.1%
1999/Tom Hanks (voice)Toy Story 2
88.4%
2010/Tom Hanks (voice)Toy Story 3
88.4%
2007/Shia LaBeoufTransformers
87.6%
2009/Megan FoxTransformers: Revenge of the Fallen
85.1%
1991/Arnold SchwarzeneggerTerminator 2: Judgment Day
84.3%
2011/Shia LaBeoufTransformers: Dark of the Moon
83.5%
2009/Liam NeesonTaken
71.1%
2011/Chris HemsworthThor
71.1%
1986/Tom CrusieTop Gun
68.6%
2003/Claire DanesTerminator 3: Rise of the Machines
67.8%
1998/Cameron DiazThere's Something About Mary
60.3%
2013/Natalie PortmanThor: The Dark World
60.3%
2012/Maggie GraceTaken 2
57.9%
1982/Dustin HoffmanTootsie
57.9%
1988/Danny DeVitoTwins
57.9%
1998/Jim CarreyThe Truman Show
47.9%
1996/Bill PaxtonTwister
47.9%
2010/Jeff BridgesTrue Grit
47.1%
1997/Pierce BrosnanTomorrow Never Dies
46.3%
2014/Mark WahlbergTransformers: Age of Extinction
46.2%
Year/Star Movie % Correct
1987/Tom SelleckThree Men and a Baby
44.6%
1994/Arnold SchwarzeneggerTrue Lies
43.8%
1990/Arnold SchwarzeneggerTotal Recall
38.8%
2013/Seth RogenThis Is the End
38%
2010/Mandy Moore (voice)Tangled
37.2%
2014/Megan FoxTeenage Mutant Ninja Turtles
36%
1983/Debra WingerTerms of Endearment
35.5%
2009/Robert PattinsonThe Twilight Saga: New Moon
35.5%
2015/Amy SchumerTrainwreck
35.3%
2010/Taylor LautnerThe Twilight Saga: Eclipse
32.2%
2011/Ashley GreenThe Twilight Saga: Breaking Dawn Part 1
31.4%
2012/Peter FacinelliThe Twilight Saga: Breaking Dawn Part 2
31.4%
2009/Christian BaleTerminator Salvation
30.6%
2012/Mark WalhbergTed
28.9%
2006/Will FerrellTalladega Nights: The Ballad of Ricky Bobby
27.3%
2004/Brad PittTroy
27.3%
2000/Michael DouglasTraffic
21.5%
2010/Garrett HedlundTron Legacy
20.7%
1996/Matthew McConaugheyA Time to Kill
19.8%
1974/Paul NewmanThe Towering Inferno
17.4%
2008/Jack BlackTropic Thunder
15.7%
1999/Tony Goldwyn (voice)Tarzan
14.9%
1990/Judith HoagTeenage Mutant Ninja Turtles
10.7%

You're not logged in!

Compare scores with friends on all Sporcle quizzes.
Sign Up with Email
OR
Log In

You Might Also Like...

Show Comments

Extras

Top Quizzes Today


Score Distribution

Your Account Isn't Verified!

In order to create a playlist on Sporcle, you need to verify the email address you used during registration. Go to your Sporcle Settings to finish the process.

Report this User

Report this user for behavior that violates our Community Guidelines.

Details: